Tìm hiểu quan chức của Phùng Khắc Khoan 1828 - 1613 /
Gespeichert in:
| 1. Verfasser: | |
|---|---|
| Format: | Artikel |
| Sprache: | Vietnamese |
| Schlagworte: | |
| Tags: |
Tag hinzufügen
Keine Tags, Fügen Sie den ersten Tag hinzu!
|
| Thư viện lưu trữ: | Thư viện Trường Đại học Đà Lạt |
|---|
| LEADER | 00791nam a2200265 4500 | ||
|---|---|---|---|
| 001 | DLU090087146 | ||
| 005 | ##20091004 | ||
| 040 | # | # | |a DLU |b vie |
| 041 | # | # | |a vie |
| 044 | # | # | |a vn |
| 100 | # | # | |a Nguyễn Hữu Tâm. |
| 245 | # | # | |a Tìm hiểu quan chức của Phùng Khắc Khoan 1828 - 1613 / |c Nguyễn Hữu Tâm. |
| 653 | # | # | |a Quản lí hành chính |
| 653 | # | # | |a Quản trị nhân sự |
| 653 | # | # | |a Tổ chức hành chính |
| 773 | # | # | |t Nghiên cứu lịch sử |g Số 1(272), 1994, tr. 47-51 |
| 920 | # | # | |a Phòng Tạp chí -- Trung tâm Thông tin - Thư viện Trường Đại học Đà Lạt |
| 994 | # | # | |a DLU |
| 900 | # | # | |a True |
| 911 | # | # | |a Nguyễn Thị Linh Chi |
| 925 | # | # | |a G |
| 926 | # | # | |a A |
| 927 | # | # | |a BB |
| 980 | # | # | |a Thư viện Trường Đại học Đà Lạt |